Jenis-jenis penyakit & cara merawatnya menurut Nabi SAW

Bibliographic Details
Main Author: ABDUL SYUKOR
Format: Book
Published: Kuala Lumpur : Jasmin Enterprise , 2006

MARC

LEADER 00000cam a2200000 7i4500
001 0000003704
005 20110418.0
020 0 0 |a 9833128106 
090 0 0 |a 899.2305   |b ABD 
100 0 0 |a ABDUL SYUKOR 
245 1 0 |a Jenis-jenis penyakit & cara merawatnya menurut Nabi SAW   |c Abdul Syukor 
260 0 0 |a Kuala Lumpur :   |b Jasmin Enterprise ,   |c 2006 
300 |a xiv, 257 p. ;   |c 219cm. 
999 |a 006875   |b Monograph   |c Open Shelf   |e Default branch